000 00460cam a22001457a 4500
008 180718b1963 xxu||||| |||| 00| 0 eng d
082 _aX7 In4
245 _aLighting problems in highway traffic
_cedited by Erik Ingelstam
260 _aOxford
_bPergamen
_c1963
300 _a151p.
650 _aLight --Physiological effect --Congresses
650 _aAutomobiles --Lighting --Congresses
650 _aRoads --Lighting --Congresses
700 _aIngelstam, Erik
999 _c370366
_d370366